| 000 | 00941nam a22001337a 4500 | ||
|---|---|---|---|
| 040 | _cRUA | ||
| 082 | _aLMA SOR 2015 B498 Or.1 | ||
| 100 | _aSOR SOHAS; ស សូហាស់ | ||
| 245 | _aUsing geographic in formation system (Gis) and remote sensing on land use and economic land concession management in pech chreada district, mondulkiri province; ការប្រើប្រាស់ប្រព័ន្ធពត៌មានភូមិសាស្រ្ត GIS និងរីម៉ូតសិនស៊ីង remote sensing លើការប្រើប្រាស់និងគ្រប់គ្រងដីសម្បទានសេដ្ឋកិច្ច នៅស្រុកពេជ្រដា ខេត្តមណ្ឌលគិរី | ||
| 260 |
_aPhnom Penh _bRUA _c2015 |
||
| 300 |
_aix;60p. _bill. _c29cm. |
||
| 856 | _uhttps://drive.google.com/file/d/1esQkJYImAND-MzWPhABYda6vG5X0JWQe/view?usp=sharing | ||
| 942 | _cLMA | ||
| 999 |
_c8337 _d8337 |
||